| 000 | 00461nam a2200145Ia 4500 | ||
|---|---|---|---|
| 008 | 170221s9999 xx 000 0 und d | ||
| 100 | _aIrina Khindanova | ||
| 245 | _aExploration funding and the mineral investment climate | ||
| 245 | _cIrina Khindanova, University of Denver. | ||
| 260 | _bJournal of Management and Marketing Research | ||
| 260 | _c2012 | ||
| 300 | _a32 : 19 | ||
| 650 | _xBusiness | ||
| 856 | _uhttp://www.aabri.com/manuscripts/152144.pdf | ||
| 999 |
_c311418 _d311418 |
||